Surveying and Levelling, Part 1 / (Record no. 10341)
[ view plain ]
| 000 -LEADER | |
|---|---|
| fixed length control field | 00412cam a2200157ua 4500 |
| 020 ## - INTERNATIONAL STANDARD BOOK NUMBER | |
| ISBN | 81-85852-11-4 |
| 082 ## - DEWEY DECIMAL CLASSIFICATION NUMBER | |
| Classification number | 624.1517 |
| Item number | KAN/SU |
| 100 ## - MAIN ENTRY--AUTHOR NAME | |
| Personal name | Kanetkar, T. P . |
| 100 ## - MAIN ENTRY--AUTHOR NAME | |
| Personal name | Kulkarni, S. V . |
| 245 ## - TITLE STATEMENT | |
| Title | Surveying and Levelling, Part 1 / |
| 250 ## - EDITION STATEMENT | |
| Edition statement | 23 / 24 Rev |
| 260 ## - PUBLICATION, DISTRIBUTION, ETC. (IMPRINT) | |
| Place of publication | Pune : |
| Name of publisher | Pune Vidyarthi Griha Prakashan , |
| Year of publication | 1993,2008 |
| 300 ## - PHYSICAL DESCRIPTION | |
| Number of Pages | 608 ; 636 |
| 500 ## - GENERAL NOTE | |
| General note | *CSS |
| 942 ## - ADDED ENTRY ELEMENTS (KOHA) | |
| Koha item type | Books |
| Withdrawn status | Lost status | Damaged status | Home library | Current library | Date acquired | Full call number | Accession Number | Koha item type | Collection code | Shelving location | Source of acquisition | Cost, normal purchase price |
|---|---|---|---|---|---|---|---|---|---|---|---|---|
| Withdrawn | KAUAET | KAUAET | 07/04/2012 | 624.1517 | 18135 | Books | ||||||
| KAUAET | KAUAET | 01/09/2016 | 624.1517 KAN/SU | BB 133 | Book Bank scheme for SC students | Scheme | T B S Publishers and Distributors, Calicut. | 200.00 | ||||
| KAUAET | KAUAET | 26/09/2019 | 624.1517 KAN/SU | 18136 | Books | Binding Shelf | 65.00 | |||||
| Withdrawn | KAUAET | KAUAET | 26/09/2019 | 624.1517 KAN/SU | 18137 | Books | General Stacks | 65.00 | ||||
| Withdrawn | Damaged | KAUAET | KAUAET | 26/09/2019 | 624.1517 KAN/SU | 18138 | Books | General Stacks | 65.00 |
